000 00748nam a2200289Ia 4500
005 20260324112907.0
008 008 260324s9999 xx 000 0 eng d
020 _a9781003448686
037 _aEBOOK
040 _aCRL
040 _beng
040 _cCRL
041 _2eng
041 _aeng
084 _qCRL
100 _aDavid E. Drew; Sue S. Feldman; Paul Gray
_91144574
245 0 _aWhat They Didn't Teach You in Graduate School 3.0
245 0 _b360 Helpful Hints for Success in Your Academic Career
260 _bTaylor and Francis
260 _c2024
365 _a
365 _b220
856 _uhttp://www.taylorfrancis.com/books/9781003448686
942 _cEBOOK
999 _c1733958
_d1733958